000 01432nam a22002657a 4500
005 20120105100851.0
010 _aB-447419-423
020 _a9788123722429
_c35.00
035 _aB-447419-423
037 _bK.K.Pub/Ven
082 _a921
100 _aSahni, Bhisham
_946949
245 E _aBalraj :
_bMy Brother /
_cby Bhisham Sahni
260 _aNew Delhi
_bNational Book Trust, India
_c2007
270 _aA-5 Green Park
_bNew Delhi
_e110016
300 _a154p.
_bill.
_c21cm(pbk)
490 _aNational Biography
_946950
942 _2ddc
_cEN
_mSAH
_h921
999 _c60318
_d60318